Tallest Buildings in New York City by Picture - Statistics

General Stats
  • This quiz has been taken 81 times
  • The average score is 6 of 10
Answer Stats
Picture Answer % Correct
One World Trade Center
99%
Empire State Building
96%
3 World Trade Center
73%
Central Park Tower
60%
One Vanderbilt
54%
30 Hudson Yards
49%
432 Park Avenue
49%
Brooklyn Tower
39%
Steinway Tower
37%
Bank of America Tower
36%
No matching quizzes found
Score Distribution
Percent of People with Each Score
Percentile by Number Answered
Your Score History
You have not taken this quiz